Economics, management, law: socio-economic aspects of development collection of scientific articles : [international scientific and practical conference : 29.1.2016, Roma, Italy]
Guardado en:
| Autor Corporativo: | |
|---|---|
| Otros Autores: | , , |
| Formato: | Libro |
| Lenguaje: | inglés ruso ucraniano |
| Publicado: |
Roma
Edizioni Magi
2016
|
| Edición: | 1st ed. |
| Materias: | |
| Etiquetas: |
Sin Etiquetas, Sea el primero en etiquetar este registro!
|
MARC
| LEADER | 00000nlm a2200000 4500 | ||
|---|---|---|---|
| 001 | 0236911 | ||
| 005 | 20220830094608.2 | ||
| 020 | |a 978-617-7214-15-0 | ||
| 041 | 0 | |a eng | |
| 041 | 0 | |a rus | |
| 041 | 0 | |a ukr | |
| 044 | |a IT | ||
| 245 | 1 | 0 | |a Economics, management, law: socio-economic aspects of development |b collection of scientific articles : [international scientific and practical conference : 29.1.2016, Roma, Italy] |c science editor: S. I. Drobyazko ; reviewers: Carmine Bianchi, Cagri Bulut |
| 250 | |a 1st ed. | ||
| 264 | 1 | |a Roma |b Edizioni Magi |c 2016 | |
| 300 | |a 352 s. | ||
| 610 | 2 | 0 | |a veda ekonomická |
| 610 | 2 | 0 | |a hospodárstvo národné |
| 610 | 2 | 0 | |a ekonómia |
| 610 | 2 | 0 | |a manažment |
| 610 | 2 | 0 | |a hospodárstvo svetové |
| 610 | 2 | 0 | |a hospodárstvo podnikové |
| 610 | 2 | 0 | |a riadenie podnikové |
| 610 | 2 | 0 | |a sily výrobné |
| 610 | 2 | 0 | |a ekonomika regionálna |
| 610 | 2 | 0 | |a peniaze |
| 610 | 2 | 0 | |a financie |
| 610 | 2 | 0 | |a úver |
| 610 | 2 | 0 | |a právo |
| 610 | 2 | 0 | |a rozvoj hospodársky |
| 610 | 2 | 0 | |a rozvoj sociálny |
| 700 | 1 | |a Drobyazko, S. I. | |
| 700 | 1 | |a Bianchi, Carmine | |
| 700 | 1 | |a Bulut, Cagri | |
| 110 | 2 | |a Economics, management, law: socio-economic aspects of development. International scientific and practical conference | |